| 000 | 01051cam a2200313 a 4500 | ||
|---|---|---|---|
| 001 | 698701 | ||
| 003 | ARRUPE | ||
| 005 | 20150225170111.0 | ||
| 008 | 881207s1970 mnu b 001 0 eng d | ||
| 010 | _a 57012861 | ||
| 020 |
_a0816605920 : _c$11.50 |
||
| 035 | _a(OCoLC)70379557 | ||
| 035 | _a(OCoLC)ocm70379557 | ||
| 035 | _a(CStRLIN)NYCG88-B85056 | ||
| 035 | _a(NNC)698701 | ||
| 040 |
_aKU _cCSt _dCSt _dNNC |
||
| 090 |
_aQ125 _b.S78 |
||
| 100 |
_aStuewer, Roger H. (ed.) _915230 |
||
| 245 | 0 | 0 |
_aHistorical and philosophical perspectives of science / _cedited by Roger H. Stuewer. |
| 260 |
_aMinneapolis, Min. : _bUniversity of Minnesota Press, _cc1970. |
||
| 300 |
_axix, 384 p. ; _c24 cm. |
||
| 490 | 1 |
_aMinnesota studies in the philosophy of science ; _vv. 5 |
|
| 504 | _aIncludes bibliographical references and indexes. | ||
| 650 | 0 |
_aScience _xHistory. _915231 |
|
| 650 | 0 |
_aScience _xPhilosophy. _915232 |
|
| 830 | 0 |
_aMinnesota studies in the philosophy of science ; _vv. 5. _915234 |
|
| 942 |
_2lcc _cMONOGRAPH |
||
| 999 |
_c122080 _d122080 |
||